| 000 | 01285nam0a22002651 4500 | ||
|---|---|---|---|
| 001 | rc\914298 | ||
| 005 | 20260407124113.0 | ||
| 035 | _a(NLR Aleph) 006088719 | ||
| 090 |
_a5143104 _c5143104 |
||
| 100 | _a20041129d1982 |||y0rusy50 ca | ||
| 101 | 0 | _arus | |
| 102 | _aRU | ||
| 105 | _ay ||||||||| | ||
| 200 | 1 |
_aИзучение основ стандартизации, метрологии и управления качеством продукции _eРек. указ. лит. для студентов техн. вузов, учащихся техникумов, профтехучилищ, преподавателей _f[Сост. Г.А. Андзаурова] |
|
| 210 |
_aАлма-Ата _cКазНИИНТИ _d1982 |
||
| 215 |
_a9 с. _d20 |
||
| 300 | _aСост. указан в конце кн. | ||
| 300 | _aВ надзаг.: Каз. НИИ НТИ и техн.-экон. исслед., Респ. науч.-техн. б-ка КазССР | ||
| 700 | 1 |
_aАндзаурова _bГ.А. |
|
| 712 | 0 | 2 |
_aКазахская республиканская научно-техническая библиотека _cАлма-Ата _3RU\NLR\AUTH\889964733 _9425680 |
| 801 | 0 |
_aRU _bNLR _gpsbo |
|
| 801 | 1 |
_aRU _bELAR _2rusmarc |
|
| 852 |
_aNLR _bС _jК-1/1724 |
||
| 942 | _cBOOK | ||
| 980 | _aNB | ||